| 000 | 01019nam a22003017a 4500 | ||
|---|---|---|---|
| 003 | EG-ScBUE | ||
| 005 | 20230102094149.0 | ||
| 008 | 090128r20062003vraa f 001 0 eng d | ||
| 020 | _a1876907428 | ||
| 020 | _a9781876907426 | ||
| 040 |
_aEG-ScBUE _beng _erda _cEG-ScBUE _dEG-ScBUE |
||
| 082 | 0 | 4 |
_222 _a728.328 _bHOU |
| 245 | 0 | 0 |
_aAnother 100 of the world's best houses / _c[introduction by Catherine Slessor] |
| 250 | _aSeventh reprint. | ||
| 264 | 1 |
_aMulgrave, Victoria : _bImages Publishing, _c2006. |
|
| 300 |
_a352 pages : _billustrations (chiefly color) ; _c29 cm |
||
| 336 |
_2rdacontent _atext _btxt |
||
| 337 |
_2rdamedia _aunmediated _bn |
||
| 338 |
_2rdacarrier _avolume _bnc |
||
| 500 | _aIncludes index. | ||
| 650 | 7 |
_aArchitect-designed houses. _2BUEsh |
|
| 650 | 7 |
_aArchitectural drawings. _2BUEsh |
|
| 650 | 7 |
_aArchitecture, Domestic _xDesigns and plans. _2BUEsh |
|
| 653 | _bENGARC | ||
| 655 | _vReading book | ||
| 700 | 1 |
_aSlessor, Catherine, _eauthor of introduction, etc. |
|
| 942 |
_2ddc _cBB |
||
| 999 |
_c10505 _d10505 |
||